Sport - de A à Z. - Statistiques

Statistiques générales
  • Ce quiz a été pris 7 384 fois
  • Le résultat moyen est 19 sur 26
Statistiques - réponses
Lettre Questions Réponses % Correct
B Sport de raquette dans lequel les joueurs se renvoie un "volant". Badminton
97%
H Sport qui peut se pratiquer sur la glace ou sur le gazon. Hockey
95%
J Teddy Riner est 10 fois champions du monde de cette discipline. Judo
94%
N Sport qui fut pratiqué par Laure et Florent Manaudou. Natation
93%
D Discipline d'athlétisme regroupant 10 épreuves. Décathlon
88%
E Nom donné à une nouvelle génération de sports se pratiquant sur console ou PC. Esports
88%
I Le cricket est le sport le plus populaire dans ce pays d'Asie. Inde
87%
T Gaël Monfils et Jo Wilfried Tsonga le pratique en professionnel en France. Tennis
87%
G Elle peut être rythmique et sportive. Gymnastique
86%
F Tom Brady est un célèbre joueur dans ce sport, remportant 7 Supers Bawls. Football Américain
85%
V Nom du stade ou évolue l'Olympique de Marseille. Vélodrome
83%
K Discipline du sport automobile qui se pratique sur des circuits avec de petites voitures monoplaces à quatre roues, équipées d’un moteur de petite cylindrée. Karting
80%
R Ville ayant accueillie les JO d'été en 2016. Rio de Janeiro
80%
Z Joueur et entraineur de football Français, double buteur en final de la coupe du monde 1998. Zinédine Zidane
80%
Y C'est une pratique visant, par la méditation et les exercices corporels, à réaliser l'unification de l'être humain dans ses aspects physique, psychique et spirituel. Yoga
77%
C Sport "spectacle" pratiqué par Rey Mysterio et Undertaker. Catch
74%
S Genre musical et une forme de danse emblématique du Brésil et du carnaval brésilien. Samba
74%
A Cycliste Américain destitué de ces 7 titres de vainqueurs du tour de France. Lance Armstrong
70%
O Acronyme du club de football professionnel de Nice. OGCN
65%
L Athlète français, spécialiste du saut à la perche, champion olympique à Londres en 2012. Renaud Lavillenie
64%
M Aussi appelé "jeu de quilles Finlandaises", c'est un jeu d'adresse qui se pratique en plein air. Molkky
63%
W Américain né en 1975, c'est l'un des plus grands golfeurs de tous les temps. Tiger Woods
62%
U Organisation américaine d'arts martiaux mixtes, actuellement reconnue comme la plus importante ligue mondiale de ce sport de combat. Ultimate Fighting Championship
58%
X Footballeur international suisse prénommé Granit qui évolue au poste de milieu de terrain avec Arsenal. Xhaka
49%
P Ville dans laquelle se trouve le plus grand stade au monde en terme de capacité. Pyongyang
19%
Q Célèbre joueur de pétanque 12 fois champions de France et 12 fois champion du monde. Philippe Quintais
13%
Aucun quiz correspondant
Distribution des résultats
% des personnes avec chaque résultat
Percentile par nombre de réponses
Votre historique - résultats
Vous n’avez pas pris ce quiz